| 000 | 00466nam a2200133Ia 4500 | ||
|---|---|---|---|
| 008 | 171207s9999 xx 000 0 und d | ||
| 100 | _aTausan, Nebojsa | ||
| 245 | _aChoreography in the embedded systems domain: A systematic literature review | ||
| 245 | _cNebojša Taušan, Jouni Markkula, Pasi Kuvaja, Markku Oivo | ||
| 260 | _c2017 | ||
| 300 | _apages 82-101, February 2017 | ||
| 440 |
_aInformation and Software Technology _v91: |
||
| 650 | _aSOFTWARE TECHNLOGY | ||
| 999 |
_c347621 _d347621 |
||